Historical Wars Tile Select - Statistics

General Stats
  • This quiz has been taken 218 times
  • The average score is 55 of 80
Answer Stats
Question Tile Select % Correct
Wars fought in the 20th century American Civil War No
98%
Wars fought in the 20th century War of the Roses No
98%
Wars fought in the 20th century World War I Yes
98%
Wars fought in the 20th century World War II Yes
98%
Wars fought in the 20th century War of the Bucket No
97%
Wars fought in the 20th century Cold War Yes
96%
Technologies used militarily during the First World War Helicopters No
93%
Technologies used militarily during the First World War Nuclear Weapons No
93%
Wars fought in the 20th century Crimean War No
91%
Technologies used militarily during the First World War Night Vision Eyewear No
91%
Wars fought in the 20th century Spanish-American War No
91%
Wars fought in the 20th century Taiping Rebellion No
91%
Wars instigated by the United States (either by formal declaration or the sending of armed troops into battle) War of the Roses No
91%
Wars fought in the 20th century American-Vietnamese War Yes
90%
Wars instigated by the United States (either by formal declaration or the sending of armed troops into battle) Punic Wars No
90%
Countries that sent troops to battle in one of the World Wars, but not both. France No
89%
Wars instigated by the United States (either by formal declaration or the sending of armed troops into battle) Hundred Years' War No
89%
Wars that resulted in more than 1 million deaths World War I Yes
89%
Wars that resulted in more than 1 million deaths War of the Roses No
88%
Countries that sent troops to battle in one of the World Wars, but not both. Switzerland No
87%
Technologies used militarily during the First World War Chemical Weapons Yes
86%
Wars that resulted in more than 1 million deaths Yom-Kippur War No
86%
Technologies used militarily during the First World War Aircraft Carriers No
84%
Wars fought in the 20th century Russian Civil War Yes
84%
Technologies used militarily during the First World War Tanks Yes
84%
Technologies used militarily during the First World War Firearms Yes
83%
Technologies used militarily during the First World War Planes Yes
82%
Technologies used militarily during the First World War Telegrams Yes
82%
Wars instigated by the United States (either by formal declaration or the sending of armed troops into battle) American-Vietnamese War Yes
81%
Wars that resulted in more than 1 million deaths Great Northern War No
81%
Countries that sent troops to battle in one of the World Wars, but not both. Ottoman Empire Yes
81%
Wars instigated by the United States (either by formal declaration or the sending of armed troops into battle) Spanish-American War Yes
81%
Technologies used militarily during the First World War Battleships Yes
79%
Wars fought in the 20th century Russo-Japanese War Yes
78%
Wars instigated by the United States (either by formal declaration or the sending of armed troops into battle) Bay of Pigs Invasion Yes
77%
Wars fought in the 20th century Spanish Civil War Yes
77%
Wars that resulted in more than 1 million deaths Winter War No
77%
Countries that sent troops to battle in one of the World Wars, but not both. Japan No
76%
Wars instigated by the United States (either by formal declaration or the sending of armed troops into battle) Boxer Rebellion No
75%
Wars that resulted in more than 1 million deaths Mongol Conquests Yes
75%
Wars that resulted in more than 1 million deaths Crimean War No
74%
Countries that sent troops to battle in one of the World Wars, but not both. Luxembourg No
74%
Wars instigated by the United States (either by formal declaration or the sending of armed troops into battle) Second Gulf War Yes
74%
Technologies used militarily during the First World War War Balloons Yes
73%
Countries that sent troops to battle in one of the World Wars, but not both. Tibet No
68%
Countries that sent troops to battle in one of the World Wars, but not both. Spain No
66%
Wars fought in the 20th century Chinese Civil War Yes
65%
Wars instigated by the United States (either by formal declaration or the sending of armed troops into battle) World War I No
65%
Wars instigated by the United States (either by formal declaration or the sending of armed troops into battle) First Barbary War No
64%
Wars instigated by the United States (either by formal declaration or the sending of armed troops into battle) First Gulf War Yes
64%
Technologies used militarily during the First World War Cars Yes
63%
Wars instigated by the United States (either by formal declaration or the sending of armed troops into battle) War of 1812 Yes
63%
Technologies used militarily during the First World War Underwater Mines Yes
62%
Wars instigated by the United States (either by formal declaration or the sending of armed troops into battle) World War II No
62%
Wars that resulted in more than 1 million deaths Wars of Alexander the Great No
57%
Wars that resulted in more than 1 million deaths Iran-Iraq War No
55%
Wars fought in the 20th century Second Congo War Yes
55%
Countries that sent troops to battle in one of the World Wars, but not both. Ireland No
54%
Wars that resulted in more than 1 million deaths American Civil War No
53%
Wars fought in the 20th century Emu War Yes
53%
Technologies used militarily during the First World War Telephones Yes
52%
Countries that sent troops to battle in one of the World Wars, but not both. Norway Yes
50%
Countries that sent troops to battle in one of the World Wars, but not both. Soviet Union Yes
50%
Countries that sent troops to battle in one of the World Wars, but not both. Portugal Yes
47%
Wars that resulted in more than 1 million deaths Taiping Rebellion Yes
47%
Wars that resulted in more than 1 million deaths Second Congo War Yes
46%
Countries that sent troops to battle in one of the World Wars, but not both. Czechoslovakia Yes
45%
Wars instigated by the United States (either by formal declaration or the sending of armed troops into battle) Utah War No
45%
Countries that sent troops to battle in one of the World Wars, but not both. Poland Yes
40%
Wars that resulted in more than 1 million deaths Three Kingdoms War Yes
40%
Wars that resulted in more than 1 million deaths Conquests of Timur Yes
39%
Countries that sent troops to battle in one of the World Wars, but not both. Denmark Yes
39%
Wars that resulted in more than 1 million deaths Hundred Years' War Yes
39%
Countries that sent troops to battle in one of the World Wars, but not both. Turkey Yes
39%
Countries that sent troops to battle in one of the World Wars, but not both. China Yes
35%
Technologies used militarily during the First World War Biological Weapons Yes
27%
Wars that resulted in more than 1 million deaths Punic Wars Yes
21%
Wars instigated by the United States (either by formal declaration or the sending of armed troops into battle) Philippine-American War No
19%
Technologies used militarily during the First World War RADAR Yes
14%
Wars instigated by the United States (either by formal declaration or the sending of armed troops into battle) Mexican-American War No
12%
No matching quizzes found
Score Distribution
Percent of People with Each Score
Percentile by Number Answered
Your Score History
You have not taken this quiz